000 01803nam0a2200373 4500
001 RU\NLR\bibl\1464190
005 20260406072655.0
010 _a5-203-02835-9
_bв пер.
_9300
021 _aRU
_b2009-96737
_96145
035 _a(nilc)RSL-KNO-004419156
035 _a(NLR Aleph) 001455933
090 _a1552666
_c1552666
100 _a20091127d2009 |||y0rusy50 ca
101 0 _arus
102 _aRU
105 _ay zzzz|||||
200 1 _aНовые "Апрельские тезисы" или откровения архангела Гавриила
_e(о "работах" Г. Г. Попова "1941-1945 гг. Заметки о войне", и "Три войны Сталина")
_fЛ. В. Корначев
210 _aМосква
_cПрезидентский клуб "Доверие"
_d2009
215 _a159 с.
_cтабл.
_d22
320 _aБиблиогр. в подстроч. примеч.
500 1 0 _6z01702
_a1941-1945: заметки о войне
500 1 0 _6z02702
_aТри войны Сталина
607 _aРоссия
_xИстория
_xОригинальные теории
_92086776
_3RU\NLR\AUTH\661262921
686 1 _aТ3(2)0,02
700 1 _aКорначев
_bЛ. В.
_f1928-
_gЛев Владимирович
_4070
702 1 _4570
_7ca
_8rus
_aПопов
_bГ. Х.
_cд-р экон. наук; полит. деятель
_f1936-
_gГавриил Харитонович
_913474
_3RU\NLR\auth\7730454
702 1 _4570
_7ca
_8rus
_aПопов
_bГ. Х.
_cд-р экон. наук; полит. деятель
_f1936-
_gГавриил Харитонович
_913474
_3RU\NLR\auth\7730454
801 0 _aRU
_bРГБ
_c20091127
_grcr
801 1 _aRU
_bРГБ
_c20091127
801 2 _aRU
_bNLR
_c20100122
_grcr
942 _cBOOK
980 _aNB